00748nam a2200241 a 4500001001300000003000900013005001700022008004100039020002300080082001300103100002600116245006500142260003900207300000900246500003500255505001000290650003600300700002600336902000800362942000700370952011400377999001500491nice12345678IN_TiNIC20260116012301.0050524s1984 usaa grp 000 0 eng  a0865543 c29400a207bWEN aWentz, Richard Eugene aContemplation of Othernessb the Critical Vision of Religion aUSAbMercer University Pressc1984 a132p aincludes index and biblioraphy2 aIndex aChristianity-Study and Teaching1 aWentz, Richard Eugene bSRS cBK 001040708StackRoom-aHMIbHMId2008-04-25g294.00l0o207 WENp014991r2008-04-25v294.00w2005-05-24yBK c6382d6382